Statistics for 1M+ Cities By Letter On A Map - J

Click here to take the quiz!

General Stats

  • This quiz has been taken 232 times
  • The average score is 4 of 7

Answers on the Map

Answers color-coded by a green-red scale on the quiz's map according to % correct below.
 

Answer Stats

PopulationCity% Correct
8,540,121Jakarta
99%
2,026,469Johannesburg
98%
2,867,446Jeddah
91%
2,711,758Jaipur
81%
4,335,989Jinan
41%
1,030,168Jabalpur
15%
1,001,985Jieyang
4%

Score Distribution

Percentile by Number Answered

Percent of People with Each Score

Your Score History

You have not taken this quiz